| 000 | 01130nam a2200313 c 4500 | ||
|---|---|---|---|
| 003 | BLK | ||
| 005 | 20180420215150.0 | ||
| 008 | 180413b bul|||||r ||||||| ||bul|| | ||
| 010 | _aKNG00018303000 | ||
| 040 | _aBLK | ||
| 041 |
_aFRE _cFRE _hBUL |
||
| 080 |
_aЛексикология. Езикови речници и разговорници. Лексикография _b81`374 _x=40=867 _z81`374=40=867 |
||
| 139 |
_a[Мини] Мini debutants _bM 65 |
||
| 245 | 1 | 0 |
_a[Мини] Мini debutants _bМоят първи истински речник : Фр.-бълг. тълковен речник |
| 257 |
_aBGR _aFRA |
||
| 260 |
_аСофия _bICON _c1997 |
||
| 300 |
_a480 с. _bс цв. ил., k. _c23 см |
||
| 380 | _a80 | ||
| 500 | _a1 200 тир. | ||
| 650 | 4 |
_aФренски език - речници, френско-български, тълковни _9261129 |
|
| 653 | _aфренски език | ||
| 653 | _aбългарски език | ||
| 653 | _aОвча купел | ||
| 852 | _aЦб 193862 | ||
| 856 | 4 |
_qpdf _u |
|
| 856 | 4 |
_qpdf _u |
|
| 942 |
_cKNG _n0 |
||
| 944 |
_aCR _c15.01.2003 _kAB_DOS |
||
| 944 |
_aED _c15.01.2003 _k |
||
| 999 |
_c16425 _d16425 |
||